[Event "2.BLW 1617 SF Katernberg - Aachener SV"]
[Site "?"]
[Date "2017.02.19"]
[Round "6.8"]
[White "Kaeding, Rainer"]
[Black "Lamby, Philipp"]
[Result "0-1"]
[WhiteElo "2171"]
[BlackElo "2192"]
[PlyCount "64"]
[EventDate "2017.??.??"]

1. e4 e5 2. Nf3 Nc6 3. Bb5 a6 4. Bxc6 dxc6 5. d4 exd4 6. Qxd4 Qxd4 7. Nxd4 Bd7
8. Nc3 O-O-O 9. Be3 Bb4 10. Nde2 Ne7 11. O-O-O Rhe8 12. a3 Bd6 13. h3 Ng6 14.
f4 f6 15. Rhf1 h5 16. Rde1 c5 17. f5 Nh4 18. Nf4 Bxf4 19. Bxf4 Nxg2 20. Re2
Nxf4 21. Rxf4 Bc6 22. Rh4 b5 23. Rd2 b4 24. Rxd8+ Rxd8 25. axb4 cxb4 26. Ne2
Be8 27. e5 fxe5 28. Rxb4 Bd7 29. Ng3 Rf8 30. Nxh5 Rxf5 31. Rh4 Rg5 32. Kd2 Be8
0-1

[Event "2.BLW 1617 SV Hofheim - Duesseldorfer S"]
[Site "?"]
[Date "2017.02.19"]
[Round "6.1"]
[White "Kohlweyer, Bernd"]
[Black "Schroeder, Jan-Christian"]
[Result "1/2-1/2"]
[WhiteElo "2320"]
[BlackElo "2543"]
[PlyCount "91"]
[EventDate "2017.??.??"]

1. c4 e6 2. Nf3 Nf6 3. d4 b6 4. Nc3 Bb4 5. Qc2 Bb7 6. a3 Bxc3+ 7. Qxc3 d6 8. g3
a5 9. b3 c5 10. dxc5 bxc5 11. Bg2 O-O 12. O-O Qb6 13. Rb1 Nc6 14. Bb2 e5 15. e3
Ne7 16. Nd2 Bxg2 17. Kxg2 Rab8 18. Qc2 Qc6+ 19. Kg1 a4 20. Bc3 axb3 21. Rxb3
Qa4 22. Rfb1 Nc6 23. R1b2 Ra8 24. Qd3 Rfd8 25. f4 Rac8 26. fxe5 dxe5 27. Qc2 h6
28. h3 Nd4 29. exd4 exd4 30. Nf1 dxc3 31. Rxc3 Qd7 32. Kh2 Qd4 33. Re3 Rb8 34.
Rb5 Re8 35. a4 Qa1 36. Kg2 Ra8 37. Rb1 Qd4 38. Rd1 Qxe3 39. Nxe3 Rxe3 40. Rd3
Re6 41. Ra3 Rea6 42. Qf5 Ra5 43. Ra2 Nh7 44. Rf2 Nf6 45. Re2 Rd8 46. g4 1/2-1/2

[Event "2.BLW 1617 SV Hofheim - Duesseldorfer S"]
[Site "?"]
[Date "2017.02.19"]
[Round "6.2"]
[White "Ginsburg, Gennadi"]
[Black "Schuh, Dirk"]
[Result "1/2-1/2"]
[WhiteElo "2473"]
[BlackElo "2368"]
[PlyCount "84"]
[EventDate "2017.??.??"]

1. e4 c5 2. Nf3 e6 3. d4 cxd4 4. Nxd4 Nf6 5. Nc3 Nc6 6. Ndb5 Bb4 7. a3 Bxc3+ 8.
Nxc3 d5 9. exd5 Nxd5 10. Nxd5 exd5 11. Be2 O-O 12. O-O Bf5 13. Be3 d4 14. Bf4
Qf6 15. Bg3 Qg6 16. Rc1 Rad8 17. Bd3 Rfe8 18. Qf3 Bxd3 19. cxd3 Re6 20. b4 a6
21. h4 Qh6 22. Rc5 Qd2 23. b5 axb5 24. Rxb5 Qa2 25. Rxb7 Rf6 26. Qh5 Qxa3 27.
Qb5 Qa5 28. Rc1 Qxb5 29. Rxb5 h6 30. h5 Ra8 31. Rd5 Ra5 32. Rxa5 Nxa5 33. Rc8+
Kh7 34. Rc5 Nb3 35. Rc7 Rf5 36. f3 Nc5 37. Bf2 Nxd3 38. Bxd4 Nf4 39. Bf2 Ne6
40. Re7 Kg8 41. Re8+ Kh7 42. Re7 Kg8 1/2-1/2

[Event "2.BLW 1617 SV Hofheim - Duesseldorfer S"]
[Site "?"]
[Date "2017.02.19"]
[Round "6.3"]
[White "Stark, Lars"]
[Black "Lobzhanidze, Davit"]
[Result "1/2-1/2"]
[WhiteElo "2401"]
[BlackElo "2430"]
[PlyCount "29"]
[EventDate "2017.??.??"]

1. c4 e5 2. g3 Nc6 3. Nc3 g6 4. Bg2 Bg7 5. e3 d6 6. Nge2 f5 7. d4 e4 8. f3 exf3
9. Bxf3 Nf6 10. O-O O-O 11. a3 Ne7 12. Qd3 c6 13. Bd2 Be6 14. Bg2 d5 15. c5
1/2-1/2

[Event "2.BLW 1617 SV Hofheim - Duesseldorfer S"]
[Site "?"]
[Date "2017.02.19"]
[Round "6.4"]
[White "Gurevich, Vladimir"]
[Black "de Gleria, Francesco"]
[Result "1-0"]
[WhiteElo "2471"]
[BlackElo "2381"]
[PlyCount "67"]
[EventDate "2017.??.??"]

1. e4 c5 2. Nf3 g6 3. d4 cxd4 4. Nxd4 Nc6 5. Be2 Bg7 6. Nb3 Nf6 7. Nc3 O-O 8.
O-O d6 9. Be3 Be6 10. f4 Qc8 11. Kh1 Rd8 12. Bg1 d5 13. e5 Ne4 14. Bd3 Nxc3 15.
bxc3 Bf5 16. Nd4 Nxd4 17. Bxd4 h5 18. Qe1 Qe6 19. Qh4 Rd7 20. Rf3 Rc8 21. Re1
Rdc7 22. h3 Rc6 23. Bxf5 Qxf5 24. Qxe7 R6c7 25. Qh4 Rc6 26. Re2 Ra6 27. g4 hxg4
28. hxg4 Qd7 29. Rh2 Kf8 30. f5 gxf5 31. gxf5 Ke8 32. e6 fxe6 33. Bxg7 Qxg7 34.
Qh8+ 1-0

[Event "2.BLW 1617 SV Hofheim - Duesseldorfer S"]
[Site "?"]
[Date "2017.02.19"]
[Round "6.5"]
[White "Coenen, Michael"]
[Black "Perske, Thore"]
[Result "0-1"]
[WhiteElo "2379"]
[BlackElo "2400"]
[PlyCount "92"]
[EventDate "2017.??.??"]

1. c4 d6 2. g3 Nf6 3. Bg2 g6 4. b3 Bg7 5. Bb2 e5 6. e3 O-O 7. Ne2 Re8 8. O-O c6
9. d4 e4 10. d5 c5 11. Nd2 Bf5 12. Rb1 Nbd7 13. Qc2 Qe7 14. Nc3 a6 15. a4 h5
16. Ba3 a5 17. Bb2 Nf8 18. Nb5 N8h7 19. Bc3 Qd7 20. Rfe1 h4 21. Qb2 h3 22. Bh1
Nh5 23. Rbc1 Bxc3 24. Nxc3 N5f6 25. Rf1 Ng5 26. Nb5 Re5 27. Rce1 Rae8 28. Qc3
b6 29. Qb2 Bg4 30. Qc3 R8e7 31. Qb2 Ne8 32. Nc3 Qf5 33. Ncxe4 Rxe4 34. Bxe4
Nxe4 35. f3 Nxd2 36. Qxd2 Bxf3 37. e4 Qh5 38. Qd3 Bg2 39. Rf4 Qe5 40. Qe2 g5
41. Rf5 Qxf5 42. exf5 Rxe2 43. Rxe2 Kf8 44. Re1 Nf6 45. Re3 Ng4 46. Rc3 Nh6 0-1

[Event "2.BLW 1617 SV Hofheim - Duesseldorfer S"]
[Site "?"]
[Date "2017.02.19"]
[Round "6.6"]
[White "Zude, Erik"]
[Black "Miedema, David"]
[Result "0-1"]
[WhiteElo "2408"]
[BlackElo "2362"]
[PlyCount "62"]
[EventDate "2017.??.??"]

1. c4 e6 2. Nc3 Nf6 3. Nf3 d5 4. e3 c5 5. cxd5 exd5 6. d4 a6 7. Be2 Nc6 8. Ne5
Bd6 9. Nxc6 bxc6 10. dxc5 Bxc5 11. O-O O-O 12. b3 Qe7 13. Bb2 Bb7 14. Bf3 Rfd8
15. Ne2 Bb6 16. Rc1 a5 17. Nf4 Ne4 18. Bxe4 Qxe4 19. Qg4 d4 20. exd4 f5 21. Qg3
Bc7 22. d5 Rd7 23. Rc4 Bxf4 24. Qh3 Qe2 25. Rxf4 Ba6 26. Rc4 Bxc4 27. bxc4 Qxb2
28. Qxf5 Rf7 29. Qe6 cxd5 30. Qxd5 Re8 31. Qxa5 Qd4 0-1

[Event "2.BLW 1617 SV Hofheim - Duesseldorfer S"]
[Site "?"]
[Date "2017.02.19"]
[Round "6.7"]
[White "Harff, Marcel"]
[Black "Zude, Arno"]
[Result "0-1"]
[WhiteElo "2362"]
[BlackElo "2400"]
[PlyCount "92"]
[EventDate "2017.??.??"]

1. c4 e5 2. Nc3 Bb4 3. Nf3 Nc6 4. Nd5 Bc5 5. d3 d6 6. e3 Nf6 7. d4 Bb6 8. Nxb6
axb6 9. dxe5 dxe5 10. Qxd8+ Kxd8 11. Bd2 Ne4 12. Bd3 Nxd2 13. Kxd2 f5 14. Bc2
Ke7 15. Kc3 Kf6 16. h4 h6 17. h5 Be6 18. Nh4 Rhd8 19. a4 Ne7 20. Raf1 c6 21. g4
fxg4 22. f3 g3 23. f4 b5 24. fxe5+ Kxe5 25. Nf3+ Kd6 26. axb5 g2 27. Rd1+ Nd5+
28. cxd5 gxh1=Q 29. Rxh1 Bxd5 30. e4 Rf8 31. Nh4 Be6 32. Rd1+ Kc5 33. bxc6 bxc6
34. Nf5 Bxf5 35. exf5 Rad8 36. Rg1 Rd7 37. Rg4 Re8 38. b4+ Kb6 39. Rg6 Re3+ 40.
Kc4 Rh3 41. f6 gxf6 42. Rxh6 Rd2 43. Bf5 Rf3 44. Rxf6 Rf4+ 45. Kc3 Rd5 46. h6
Rfxf5 0-1

[Event "2.BLW 1617 SV Hofheim - Duesseldorfer S"]
[Site "?"]
[Date "2017.02.19"]
[Round "6.8"]
[White "Weber, Ulrich"]
[Black "Hainke, Guntram"]
[Result "1-0"]
[WhiteElo "2375"]
[BlackElo "2290"]
[PlyCount "141"]
[EventDate "2017.??.??"]

1. Nf3 Nf6 2. g3 d5 3. Bg2 c6 4. d3 Bg4 5. Nbd2 Nbd7 6. O-O e5 7. e4 dxe4 8.
dxe4 Bc5 9. h3 Bh5 10. Qe1 O-O 11. Nc4 Re8 12. a4 Nb6 13. Na5 Rb8 14. Bg5 h6
15. Bc1 Qe7 16. Nb3 Bb4 17. Bd2 Bxd2 18. Nfxd2 Nfd7 19. Qe3 Qg5 20. Qc3 Nf8 21.
a5 Nbd7 22. Rfe1 Ne6 23. a6 b6 24. Qxc6 Ndc5 25. h4 Qe7 26. Qb5 Rbc8 27. c3
Red8 28. Re3 g5 29. hxg5 Nxg5 30. Nf1 Qe6 31. Nbd2 f6 32. b4 Nb3 33. Nxb3 Qxb3
34. Qa4 Qxa4 35. Rxa4 Rd1 36. f3 Be8 37. Ra2 Bb5 38. Kf2 Rc1 39. f4 Ne6 40. Bh3
Kf7 41. fxe5 fxe5 42. Rf3+ Ke7 43. Ne3 Rf8 44. Bxe6 Rxf3+ 45. Kxf3 Kxe6 46. Rh2
Rxc3 47. Rxh6+ Kf7 48. Rh7+ Kg6 49. Rxa7 Ra3 50. Rb7 Rxa6 51. Re7 Ra4 52. Nd5
Ra3+ 53. Kg4 Be2+ 54. Kh4 Ra1 55. Re6+ Kf7 56. Rxe5 b5 57. Re7+ Kf8 58. Rb7 Bf3
59. Nf6 Re1 60. Rxb5 Bxe4 61. Nxe4 Rxe4+ 62. Kg5 Re6 63. Rb7 Rd6 64. g4 Rc6 65.
b5 Rd6 66. Kh5 Kg8 67. g5 Re6 68. g6 Re1 69. g7 Rg1 70. b6 Rb1 71. Kg5 1-0

[Event "2.BLW 1617 SV Mülheim Nord - SV Würsele"]
[Site "?"]
[Date "2017.02.19"]
[Round "6.1"]
[White "Chatalbashev, Boris"]
[Black "Beerdsen, Thomas"]
[Result "1/2-1/2"]
[WhiteElo "2550"]
[BlackElo "2422"]
[PlyCount "143"]
[EventDate "2017.??.??"]

1. d4 Nf6 2. c4 e6 3. Nf3 b6 4. e3 Bb7 5. Nc3 Bb4 6. Bd3 O-O 7. O-O d5 8. cxd5
exd5 9. a3 Bd6 10. b4 a6 11. Qb3 Qe7 12. Rb1 Nbd7 13. Re1 Rab8 14. b5 a5 15.
Bb2 Rfe8 16. Rbc1 Rbd8 17. Rc2 Ne4 18. Nxd5 Qe6 19. Bc4 Qg6 20. Rce2 Ndf6 21.
Nf4 Bxf4 22. exf4 Nd6 23. Rxe8+ Rxe8 24. Rxe8+ Nfxe8 25. Bf1 a4 26. Qe3 Qb1 27.
Bc3 Bxf3 28. Qxf3 Qb3 29. Bb4 Qxf3 30. gxf3 Nf5 31. Bc3 Nf6 32. Bc4 Nh5 33. Kf1
Nd6 34. Bd5 Nxf4 35. Bc6 Nc4 36. Bb4 g6 37. Be7 Kg7 38. Ke1 f6 39. Kd1 Nd6 40.
d5 Nf7 41. Kd2 g5 42. Kc3 h5 43. Kb4 Ng6 44. Bc5 bxc5+ 45. Kxc5 Nge5 46. Kb4
Kf8 47. Kxa4 Ke7 48. Kb4 Kd8 49. a4 Kc8 50. a5 Nd6 51. Kc5 Nd3+ 52. Kd4 Nxf2
53. a6 Kb8 54. Bd7 g4 55. Ke3 Nd1+ 56. Kd2 Nb2 57. fxg4 Nbc4+ 58. Ke2 Ne5 59.
Be6 hxg4 60. Ke3 Ndf7 61. Kf4 Ka7 62. Kf5 Nh6+ 63. Kxf6 Nf3 64. Kg6 Nxh2 65.
Kxh6 g3 66. Bh3 Ng4+ 67. Kg5 Ne3 68. Kf4 g2 69. Bxg2 Nxg2+ 70. Ke5 Ne3 71. Ke6
Kb6 72. d6 1/2-1/2

[Event "2.BLW 1617 SV Mülheim Nord - SV Würsele"]
[Site "?"]
[Date "2017.02.19"]
[Round "6.2"]
[White "Rezasade, Amir"]
[Black "Fridman, Rafael"]
[Result "1/2-1/2"]
[WhiteElo "2320"]
[BlackElo "2466"]
[PlyCount "40"]
[EventDate "2017.??.??"]

1. d4 d6 2. Nf3 Bg4 3. c4 c6 4. Nc3 Nd7 5. e4 e5 6. Be2 Be7 7. O-O Ngf6 8. Be3
O-O 9. d5 c5 10. Ne1 Bxe2 11. Qxe2 Ne8 12. g3 g6 13. Nd3 Bf6 14. Rab1 Rc8 15.
b4 cxb4 16. Rxb4 b6 17. Ra4 a5 18. Nb5 Ra8 19. Qd2 Be7 20. Bh6 Ng7 1/2-1/2

[Event "2.BLW 1617 SV Mülheim Nord - SV Würsele"]
[Site "?"]
[Date "2017.02.19"]
[Round "6.3"]
[White "Geiernaert, Steven"]
[Black "Kahleys, Kevin"]
[Result "1-0"]
[WhiteElo "2445"]
[BlackElo "2205"]
[PlyCount "77"]
[EventDate "2017.??.??"]

1. d4 e6 2. c4 Nf6 3. Nc3 Bb4 4. f3 d5 5. a3 Bxc3+ 6. bxc3 c5 7. cxd5 exd5 8.
e3 Nc6 9. Bd3 b6 10. Ne2 Qe7 11. O-O O-O 12. Qe1 Na5 13. Rb1 c4 14. Bc2 Nb3 15.
e4 Nxc1 16. Rxc1 Qxa3 17. Ra1 Qe7 18. Qh4 dxe4 19. fxe4 Nd5 20. Qg3 f5 21. exd5
Qxe2 22. Rae1 Qxc2 23. Re7 Rf7 24. Rxf7 Kxf7 25. Qc7+ Kf8 26. Qd6+ Kg8 27. Qc6
Bb7 28. Qxb7 Rf8 29. d6 Qxc3 30. Qd5+ Kh8 31. Qe5 Qd3 32. d7 c3 33. Re1 h6 34.
Qe8 Qxd4+ 35. Kh1 Qf6 36. Qxf8+ Qxf8 37. Re8 c2 38. Rxf8+ Kh7 39. Rc8 1-0

[Event "2.BLW 1617 SV Mülheim Nord - SV Würsele"]
[Site "?"]
[Date "2017.02.19"]
[Round "6.4"]
[White "Wittenberg, Andreas"]
[Black "Klyuner, Vyacheslav"]
[Result "1/2-1/2"]
[WhiteElo "2212"]
[BlackElo "2439"]
[PlyCount "88"]
[EventDate "2017.??.??"]

1. d4 Nf6 2. Nf3 e6 3. g3 d5 4. c4 Be7 5. Bg2 O-O 6. O-O Nbd7 7. Qc2 b6 8. Rd1
Bb7 9. cxd5 exd5 10. Nc3 c6 11. Bf4 Rc8 12. Rac1 Re8 13. a3 Nf8 14. Bg5 Ne4 15.
Bxe7 Qxe7 16. e3 Nd6 17. Ne5 f6 18. Nd3 Ne6 19. Ne2 Ng5 20. Nef4 Nc4 21. a4
Rcd8 22. b3 Na5 23. b4 Nc4 24. b5 Na5 25. Qa2 Ne4 26. Rc2 cxb5 27. axb5 g5 28.
Ne2 Qd7 29. Rb1 Kg7 30. Nc3 Nxc3 31. Rxc3 Rc8 32. Ra3 Qd6 33. Rxa5 bxa5 34.
Qxa5 Rc7 35. Nc5 Bc8 36. b6 axb6 37. Rxb6 Rc6 38. Qa7+ Re7 39. Qxe7+ Qxe7 40.
Rxc6 Qd8 41. Bxd5 Qxd5 42. Rxc8 Qf3 43. Rb8 Qd1+ 44. Kg2 g4 1/2-1/2

[Event "2.BLW 1617 SV Mülheim Nord - SV Würsele"]
[Site "?"]
[Date "2017.02.19"]
[Round "6.5"]
[White "Cekro, Ekrem"]
[Black "van Osch, Mees"]
[Result "1/2-1/2"]
[WhiteElo "2404"]
[BlackElo "2309"]
[PlyCount "82"]
[EventDate "2017.??.??"]

1. c4 Nf6 2. g3 g6 3. Bg2 Bg7 4. Nc3 O-O 5. e4 c5 6. Nge2 Nc6 7. O-O d6 8. h3
Rb8 9. d3 a6 10. a4 Ne8 11. Be3 b5 12. axb5 axb5 13. Nxb5 Nc7 14. Na7 Nxa7 15.
Rxa7 Rxb2 16. Bd2 Ne6 17. Ba5 Qe8 18. Bc3 Bxc3 19. Nxc3 Nd4 20. Qa1 Rb3 21. Kh2
Nc2 22. Qa5 Ra3 23. Qxa3 Nxa3 24. Rxa3 Be6 25. Rb1 Qd7 26. Rb6 Qc7 27. Rba6 Rb8
28. Nb5 Qd8 29. Ra7 Kg7 30. Nc7 Rb2 31. Kg1 Kh6 32. Nxe6 fxe6 33. Ra2 Rb1+ 34.
Bf1 d5 35. Ra1 Rb2 36. R7a2 Rb8 37. exd5 exd5 38. Re1 dxc4 39. dxc4 Qd4 40. Ra3
Rb2 41. Rae3 e6 1/2-1/2

[Event "2.BLW 1617 SV Mülheim Nord - SV Würsele"]
[Site "?"]
[Date "2017.02.19"]
[Round "6.6"]
[White "Bus, Tom"]
[Black "Docx, Stefan"]
[Result "0-1"]
[WhiteElo "2182"]
[BlackElo "2405"]
[PlyCount "80"]
[EventDate "2017.??.??"]

1. e4 e5 2. Nf3 Nc6 3. Bb5 a6 4. Ba4 Nf6 5. O-O b5 6. Bb3 Bb7 7. d3 Be7 8. Nc3
O-O 9. a3 Nd4 10. Ba2 Nxf3+ 11. Qxf3 d6 12. Qg3 Kh8 13. Bd2 Qd7 14. Rae1 Rae8
15. Qf3 Bd8 16. h3 c6 17. Ne2 a5 18. Ng3 d5 19. Bc3 c5 20. exd5 Nxd5 21. Bxd5
Bxd5 22. Qf5 Qc6 23. f3 f6 24. Qh5 b4 25. Bd2 c4 26. axb4 axb4 27. Kh1 b3 28.
cxb3 cxd3 29. Rc1 Qb7 30. b4 Be7 31. b5 Qxb5 32. b4 Qd7 33. Ne4 Bxe4 34. fxe4
Qd4 35. Qf3 Rc8 36. Rxc8 Rxc8 37. Qf5 Rd8 38. Qe6 Bxb4 39. Bxb4 Qxb4 40. Rxf6
d2 0-1

[Event "2.BLW 1617 SV Mülheim Nord - SV Würsele"]
[Site "?"]
[Date "2017.02.19"]
[Round "6.7"]
[White "Beukema, Stefan"]
[Black "Nachbar, Benjamin"]
[Result "1-0"]
[WhiteElo "2389"]
[BlackElo "2144"]
[PlyCount "65"]
[EventDate "2017.??.??"]

1. e4 c6 2. d4 d5 3. Nc3 dxe4 4. Nxe4 Bf5 5. Ng3 Bg6 6. h4 h6 7. Nf3 e6 8. h5
Bh7 9. Bd3 Bxd3 10. Qxd3 Nf6 11. Bd2 c5 12. O-O-O Nc6 13. Bc3 Qd5 14. dxc5 Qxd3
15. Rxd3 Bxc5 16. Rhd1 Nb4 17. Bxb4 Bxb4 18. Ne5 Bc5 19. f3 Bb6 20. Ne4 Nxe4
21. fxe4 Bc7 22. Nxf7 Bf4+ 23. Kb1 Kxf7 24. Rf1 e5 25. g3 g5 26. hxg6+ Kxg6 27.
gxf4 exf4 28. Rd6+ Kh5 29. Rxf4 Rag8 30. Rd5+ Kg6 31. Kc1 h5 32. Rdf5 h4 33.
Rg4+ 1-0

[Event "2.BLW 1617 SV Mülheim Nord - SV Würsele"]
[Site "?"]
[Date "2017.02.19"]
[Round "6.8"]
[White "Bartelt, Max Peter"]
[Black "Huhndorf, Arnold"]
[Result "0-1"]
[WhiteElo "1745"]
[BlackElo "2245"]
[PlyCount "62"]
[EventDate "2017.??.??"]

1. d4 c5 2. d5 Nf6 3. c4 e6 4. Nc3 exd5 5. cxd5 d6 6. e4 g6 7. Bd3 Bg7 8. f4
O-O 9. Nf3 Bg4 10. O-O Nbd7 11. Qc2 Bxf3 12. Rxf3 Re8 13. b3 b5 14. Bb2 c4 15.
bxc4 bxc4 16. Bxc4 Rc8 17. Bd3 Nc5 18. Qd2 Qb6 19. Kh1 Nxd3 20. Rxd3 Nxe4 21.
Nxe4 Qxb2 22. Qxb2 Bxb2 23. Nxd6 Bxa1 24. Rd1 Bd4 25. Nxe8 Rxe8 26. h3 Bb6 27.
d6 Kf8 28. g4 Rd8 29. f5 Bc7 30. d7 Ke7 31. fxg6 fxg6 0-1

[Event "2.BLW 1617 SG Solingen - Hansa Dortmund"]
[Site "?"]
[Date "2017.02.19"]
[Round "6.1"]
[White "Mainka, Romuald"]
[Black "Handke, Florian"]
[Result "0-1"]
[WhiteElo "2408"]
[BlackElo "2522"]
[PlyCount "108"]
[EventDate "2017.??.??"]

1. e4 c5 2. Nf3 Nc6 3. Bb5 Nf6 4. Bxc6 dxc6 5. d3 Bg4 6. Nbd2 Nd7 7. h3 Bh5 8.
Qe2 e5 9. Nc4 f6 10. Bd2 Be7 11. Ne3 Nf8 12. g4 Bf7 13. Nf5 Ne6 14. Nxe7 Qxe7
15. Be3 O-O-O 16. b3 h5 17. O-O-O g5 18. Kb1 Rh7 19. Rhg1 Nc7 20. Kb2 Be6 21.
Nd2 Nb5 22. a4 Nd4 23. Qf1 Qf7 24. f3 Rdh8 25. Rg2 hxg4 26. hxg4 Rh3 27. Qf2
Qc7 28. Ra1 Qa5 29. Qf1 Bf7 30. Qf2 Qb6 31. a5 Qd8 32. Qf1 Qe7 33. Qf2 Kd7 34.
Qf1 Ke8 35. Qf2 Kf8 36. Qf1 Kg7 37. Qf2 b5 38. axb6 axb6 39. Ra6 b5 40. Qf1 Rh1
41. Rg1 R1h2 42. Rg2 c4 43. dxc4 Rxg2 44. Qxg2 bxc4 45. Ra4 cxb3 46. c3 Nc2 47.
Bb6 Rb8 48. Qf2 Qb7 49. Bc5 Qb5 50. Ra7 Ne1 51. Qxe1 Qxc5 52. Ra3 Rh8 53. Nxb3
Rh2+ 54. Nd2 Qd6 0-1

[Event "2.BLW 1617 SG Solingen - Hansa Dortmund"]
[Site "?"]
[Date "2017.02.19"]
[Round "6.3"]
[White "Ackermann, Hans Werner"]
[Black "Schroeder, Kevin"]
[Result "0-1"]
[WhiteElo "2309"]
[BlackElo "2341"]
[PlyCount "56"]
[EventDate "2017.??.??"]

1. Nf3 Nf6 2. d4 e6 3. g3 b5 4. Bg2 Bb7 5. O-O Be7 6. Nbd2 O-O 7. c4 bxc4 8.
Nxc4 d6 9. Bd2 Nbd7 10. b4 Bd5 11. Qc2 Nb6 12. Na5 Be4 13. Qc1 Qd7 14. Rd1 Rfc8
15. Bf1 c5 16. dxc5 dxc5 17. b5 Qxb5 18. Ng5 c4 19. Bc3 Nbd5 20. a4 Qa6 21.
Nxe4 Nxe4 22. Be1 Bf6 23. Bg2 Bxa1 24. Bxe4 Bf6 25. Bf3 c3 26. Bxd5 exd5 27.
Rxd5 Qxe2 28. Nb7 Qb2 0-1

[Event "2.BLW 1617 SG Solingen - Hansa Dortmund"]
[Site "?"]
[Date "2017.02.19"]
[Round "6.4"]
[White "Schaefer, Markus"]
[Black "Kotter, Ralf"]
[Result "1-0"]
[WhiteElo "2399"]
[BlackElo "2377"]
[PlyCount "99"]
[EventDate "2017.??.??"]

1. e4 c5 2. Nf3 e6 3. d4 cxd4 4. Nxd4 a6 5. Bd3 Bc5 6. Nb3 Be7 7. c4 d6 8. Nc3
Nf6 9. O-O b6 10. f4 Nbd7 11. Qe2 Bb7 12. Bd2 Qc7 13. Rae1 Rd8 14. Nd4 O-O 15.
Nf3 e5 16. f5 Rc8 17. Kh1 Nc5 18. Bb1 Bc6 19. Nd5 Bxd5 20. cxd5 b5 21. b3 Qb7
22. Rg1 Bd8 23. g4 Ne8 24. Rg3 f6 25. h4 h6 26. g5 hxg5 27. hxg5 Kf7 28. Qh2
Ke7 29. Nh4 Kd7 30. Ng6 Rf7 31. Qh8 Bb6 32. Qg8 Kd8 33. Rh3 Qd7 34. Nf8 Qe7 35.
Rh8 Rxf8 36. Qxf8 Qxf8 37. Rxf8 Ke7 38. Rh8 Nd7 39. Rc1 Rb8 40. Kg2 a5 41. Kf3
b4 42. gxf6+ Ndxf6 43. Rc6 Kd7 44. Bd3 Bc7 45. Ra6 Rb7 46. Be3 Rb8 47. Ra7 Kd8
48. Bg5 Kd7 49. Bxf6 gxf6 50. Rxe8 1-0

[Event "2.BLW 1617 SG Solingen - Hansa Dortmund"]
[Site "?"]
[Date "2017.02.19"]
[Round "6.5"]
[White "Babar, Michael"]
[Black "Schlecht, Daniel"]
[Result "0-1"]
[WhiteElo "2119"]
[BlackElo "2376"]
[PlyCount "122"]
[EventDate "2017.??.??"]

1. c4 c6 2. Nc3 d5 3. cxd5 cxd5 4. d4 Nf6 5. Bf4 Nc6 6. e3 Bg4 7. Be2 Bxe2 8.
Ngxe2 e6 9. O-O Be7 10. h3 O-O 11. a3 Na5 12. Bg5 Rc8 13. Bxf6 Bxf6 14. Qd3 Be7
15. Rac1 Nc4 16. Rc2 Qa5 17. Nb1 Rc6 18. Nd2 Nxd2 19. Qxd2 Qxd2 20. Rxd2 Rfc8
21. Rb1 Kf8 22. Kf1 Bd8 23. Ke1 Ba5 24. b4 Bd8 25. Kd1 Ra6 26. Rd3 Rc4 27. Rc1
b5 28. Rdc3 Rac6 29. Rxc4 bxc4 30. Nc3 Ra6 31. Ra1 Be7 32. Ra2 Ke8 33. Kc1 f5
34. Kb2 Bf6 35. Ra1 Rd6 36. Rd1 h5 37. Kc2 g5 38. Rd2 Kf7 39. Rd1 Kg6 40. Ne2
Rb6 41. Nc3 Be7 42. Rb1 Kf6 43. f3 Kf7 44. e4 Rd6 45. Rd1 Bd8 46. Kb2 dxe4 47.
fxe4 Bb6 48. exf5 Rxd4 49. fxe6+ Kxe6 50. Re1+ Kf5 51. Kc2 Rd3 52. Rf1+ Kg6 53.
Rf3 Rd6 54. a4 a6 55. a5 Bd4 56. Rf8 Rc6 57. Rd8 Be5 58. Rf8 Bd6 59. Rg8+ Kf5
60. Nd5 g4 61. hxg4+ hxg4 0-1

[Event "2.BLW 1617 SG Solingen - Hansa Dortmund"]
[Site "?"]
[Date "2017.02.19"]
[Round "6.6"]
[White "Michalczak, Thomas"]
[Black "Berndt, Joachim"]
[Result "1-0"]
[WhiteElo "2251"]
[BlackElo "2113"]
[PlyCount "79"]
[EventDate "2017.??.??"]

1. e4 e6 2. d4 d5 3. Nc3 Bb4 4. e5 c5 5. a3 Bxc3+ 6. bxc3 Ne7 7. Qg4 Qc7 8.
Qxg7 Rg8 9. Qxh7 cxd4 10. Ne2 Nbc6 11. f4 dxc3 12. Qd3 d4 13. Nxd4 Nxd4 14.
Qxd4 Bd7 15. Rg1 Nf5 16. Qf2 Qc6 17. Bd3 Qd5 18. Be3 Nxe3 19. Qxe3 Rxg2 20.
Rxg2 Qxg2 21. Be4 Qxh2 22. O-O-O Bc6 23. Kb1 Rd8 24. Rh1 Qxh1+ 25. Bxh1 Rd1+
26. Ka2 Rxh1 27. Qxc3 Rf1 28. Qd4 a6 29. Qd2 Bd5+ 30. Kb2 Bc6 31. Kb3 Rf3+ 32.
c3 Rf1 33. Kc4 Bd5+ 34. Kc5 Bc6 35. Kd6 Kf8 36. Qd3 Rf2 37. c4 Ke8 38. Kc7 Kf8
39. Qd8+ Be8 40. Qd4 1-0

[Event "2.BLW 1617 SG Solingen - Hansa Dortmund"]
[Site "?"]
[Date "2017.02.19"]
[Round "6.7"]
[White "Prueske, Wolfgang"]
[Black "Berg, Michael"]
[Result "0-1"]
[WhiteElo "2057"]
[BlackElo "2308"]
[PlyCount "66"]
[EventDate "2017.??.??"]

1. e4 c6 2. d4 d5 3. Nc3 dxe4 4. Nxe4 Bf5 5. Ng3 Bg6 6. h4 h6 7. Nf3 Nd7 8. h5
Bh7 9. Bd3 Bxd3 10. Qxd3 e6 11. Bd2 Qc7 12. Ne4 Ngf6 13. O-O-O O-O-O 14. g3
Nxe4 15. Qxe4 Bd6 16. c4 c5 17. Qc2 cxd4 18. Nxd4 a6 19. Kb1 Be5 20. Nb3 Nc5
21. Nxc5 Qxc5 22. Be3 Qc6 23. f4 Bf6 24. g4 Qf3 25. Bb6 Rxd1+ 26. Rxd1 Qxf4 27.
Qd3 Qxg4 28. Qd7+ Kb8 29. Qc7+ Ka8 30. Rd7 Qe4+ 31. Kc1 Rb8 32. c5 Bg5+ 33. Kd1
Bf4 0-1

[Event "2.BLW 1617 SG Solingen - Hansa Dortmund"]
[Site "?"]
[Date "2017.02.19"]
[Round "6.8"]
[White "Kniest, Oliver"]
[Black "Schiefelbusch, Dirk"]
[Result "1-0"]
[WhiteElo "2288"]
[BlackElo "2104"]
[PlyCount "81"]
[EventDate "2017.??.??"]

1. d4 d5 2. c4 c6 3. Nf3 Nf6 4. Nbd2 Bf5 5. Nh4 Bc8 6. e3 e6 7. Nhf3 Bd6 8. Bd3
O-O 9. b3 Nbd7 10. Bb2 dxc4 11. bxc4 c5 12. O-O b6 13. Qe2 Qc7 14. h3 Bb7 15.
Ng5 h6 16. Nge4 Be7 17. dxc5 bxc5 18. Ng3 Ne5 19. Bc2 Rab8 20. Bc3 Rfd8 21. f4
Nc6 22. Nf3 Rbc8 23. Rac1 Rd6 24. Be5 Qa5 25. Bxd6 Bxd6 26. Rfd1 Be7 27. Ne4
Nb4 28. Nxf6+ Bxf6 29. Bb1 Qa3 30. Ne5 Ba6 31. Qd2 Re8 32. Rc3 Qa5 33. Qc1 Rd8
34. a3 Rxd1+ 35. Qxd1 Nd5 36. Rb3 Nb6 37. Kh2 g6 38. Nd7 Nxd7 39. Qxd7 Bxc4 40.
Rb8+ Kg7 41. Qe8 1-0

[Event "2.BLW 1617 Hansa Dortmund - SG Bochum"]
[Site "?"]
[Date "2017.03.19"]
[Round "7.1"]
[White "Hendriks, Willy"]
[Black "Markus, Robert"]
[Result "1/2-1/2"]
[WhiteElo "2397"]
[BlackElo "2667"]
[PlyCount "27"]
[EventDate "2017.??.??"]

1. d4 Nf6 2. Bg5 e6 3. e4 h6 4. Bxf6 Qxf6 5. c3 d5 6. Nd2 Qd8 7. Ngf3 Be7 8.
Bd3 O-O 9. O-O c5 10. dxc5 Bxc5 11. exd5 Qxd5 12. Qe2 Nd7 13. Rad1 Qc6 14. Nb3
1/2-1/2

[Event "2.BLW 1617 Hansa Dortmund - SG Bochum"]
[Site "?"]
[Date "2017.03.19"]
[Round "7.2"]
[White "Mainka, Romuald"]
[Black "Kotainy, Jens"]
[Result "1/2-1/2"]
[WhiteElo "2408"]
[BlackElo "2400"]
[PlyCount "49"]
[EventDate "2017.??.??"]

1. e4 e6 2. d4 d5 3. Nd2 c5 4. exd5 Qxd5 5. dxc5 Qxc5 6. Ngf3 Nf6 7. Bd3 Be7 8.
O-O O-O 9. Re1 Nc6 10. Ne4 Nxe4 11. Bxe4 Rd8 12. Qe2 Bf6 13. c3 Bd7 14. a4 Be8
15. a5 Qh5 16. Bf4 Rac8 17. Qe3 Qb5 18. Qe2 Qxe2 19. Rxe2 h6 20. h3 b6 21. axb6
axb6 22. Be3 b5 23. Bb6 Rd6 24. Bc5 Rdd8 25. Bb6 1/2-1/2

[Event "2.BLW 1617 Hansa Dortmund - SG Bochum"]
[Site "?"]
[Date "2017.03.19"]
[Round "7.3"]
[White "Schlawin, Marlon"]
[Black "Wegener, Olaf"]
[Result "1-0"]
[WhiteElo "2345"]
[BlackElo "2439"]
[PlyCount "83"]
[EventDate "2017.??.??"]

1. c4 c5 2. g3 g6 3. Bg2 Bg7 4. Nc3 Nc6 5. d3 d6 6. e4 e5 7. Nge2 h5 8. h4 Be6
9. Be3 Qd7 10. Nd5 Bh6 11. Bg5 Kf8 12. Qd2 Kg7 13. O-O f6 14. f4 Qd8 15. Rf2
Kh7 16. Nxf6+ Nxf6 17. Bxh6 Ng4 18. Bg5 Qg8 19. Rf3 Rf8 20. Raf1 Bd7 21. Bh3
Kg7 22. f5 Qf7 23. Bxg4 hxg4 24. R3f2 gxf5 25. exf5 Nd4 26. Nxd4 cxd4 27. Qe2
Qh5 28. c5 Bc6 29. Be7 Bf3 30. Rxf3 gxf3 31. Qxf3 Qxf3 32. Bxf8+ Kxf8 33. Rxf3
dxc5 34. f6 Kf7 35. Rf5 Ke6 36. g4 Rf8 37. Kf2 b5 38. b3 a5 39. Kf3 Rxf6 40.
Rxf6+ Kxf6 41. Ke4 Ke6 42. a4 1-0